00188nam a2200073Ia 4500082000800000245002600008100003900034008004100073 aBIE 0aLiefde en koue vrees  a BIERMAN, Ettie Pretoria, 1982 210817s9999 xx 000 0 und d